000 00469nam a2200181Ia 4500
001 16866
005 20260306170342.0
008 260306t2021||||xx |||||||||||||| ||und||
041 _aESP
082 _a657.2
_bV19
100 _aValdiviezo Rosado, José
_eAUT
245 0 _aInconsistencias y soluciones en los libros y registros electrónicos
260 _c2021
300 _a46 páginas :
_c24 cm.
650 _aGEN
654 _aCCO
942 _cLIB
_dJUS
_fJUS
_2ddc
_n
999 _c16866
_d16866